• 首页
  • 本馆介绍
  • 公告通知
  • 最新文献
  • 馆藏检索
  • 电子资源
  • 读者导购
  • 参考咨询
  • 我的图书馆
  • 登录
  • 详细信息显示
  • 放入我的书架
  • 预约/预借图书
  • 作者相关作品
  • 分类相关作品
  • 丛书相关作品
  • 出版社相关作品

书目信息

  • 表格格式
  • 工作单格式
  • 卡片格式
题名:
浮选理论现状与远景
    
 
作者: 萨梅金 著 ;刘恩鸿 译
分册:  
出版信息: 北京   冶金工业出版社  1984.3
页数: 318页
开本: 20cm
丛书名:
单 册:
中图分类: TD923
科图分类:
主题词: 选矿流程 , 选矿方法
电子资源:
ISBN:
000 00618nam0 2200217 45
001 0312221749
005 20031222170910.5
010    @dCNY1.30
100    @a20031222d1984 km y0chiy0120 ea
101    @achi
105    @a z 000yy
200 1  @a浮选理论现状与远景@AFu Xuan Li Lun Xian Zhuang Yu Yuan Jing@f(苏)萨梅金等著@F(Su)Sa Mei Jin Deng Zhu@g刘恩鸿译
210    @a北京@c冶金工业出版社@d1984.3
215    @a318页@d20cm
606 0  @a选矿流程
606 0  @a选矿方法
690    @aTD923@v3
701 0  @a萨梅金@4著
702 0  @a刘恩鸿@4译
801    @aCN@bTSTCL@c20031222
905    @a213230@dTD923@e4@b160149-150@f2
    
    浮选理论现状与远景/(苏)萨梅金等著/刘恩鸿译.-北京:冶金工业出版社,1984.3
    318页;20cm
    
    
    ISBN :CNY1.30
    
●
相关链接 在E读中查询图书 在五车中查询图书 在当当中查询图书 在豆瓣中查询图书


正题名:浮选理论现状与远景     索取号:TD923/4         预约/预借

序号 登录号 条形码 馆藏地/架位号 状态 备注
1 0160149   001361378   第三借阅区/ [索取号:TD923/4] 在馆    
2 0160150   001361412   第二样本阅览室/ [索取号:TD923/4] 在馆    
唐山师范学院图书馆 欢迎您!
大连网信软件有限公司© 版权所有